Central Library OPAC University of Rajshahi

Motif-index of folk-literature : (Record no. 43311)

MARC details
000 -LEADER
fixed length control field 01017nam a2200265 a 4500
001 - CONTROL NUMBER
control field 43311
003 - CONTROL NUMBER IDENTIFIER
rucl marc code BD-RjUL
005 - DATE AND TIME OF LATEST TRANSACTION
control field 20211209053700.0
008 - FIXED-LENGTH DATA ELEMENTS--GENERAL INFORMATION
fixed length control field 160621s1955 ii bi 000 0 eng
035 ## - SYSTEM CONTROL NUMBER
System control number (BD-RjUL)43429
System control number (OCoLC)3155748
040 ## - CATALOGING SOURCE
Original cataloging agency DLC
Transcribing agency TNJ
Modifying agency NcRS
-- DLC
-- BD-RjUL
Language of cataloging eng
041 ## - LANGUAGE CODE
Language code of text/sound track or separate title eng
082 ## - DEWEY DECIMAL CLASSIFICATION NUMBER
Edition number 23
Classification number 025.463982
Author mark and year THM 1955-57
100 1# - MAIN ENTRY--PERSONAL NAME
Personal name Thompson, Stith,
9 (RLIN) 133024
245 10 - TITLE STATEMENT
Title Motif-index of folk-literature :
Remainder of title a classification of narrative elements in folktales, ballads, myths, fables, mediaeval romances, exempla, fabliaux, jest-books, and local legends /
Statement of responsibility, etc. by, Stith Thompson
250 ## - EDITION STATEMENT
Edition statement Rev. and enl. ed.
260 ## - PUBLICATION, DISTRIBUTION, ETC. (IMPRINT)
Place of publication, distribution, etc. Bloomington :
Name of publisher, distributor, etc. India U nversity Press,
Date of publication, distribution, etc. 1955-57
300 ## - PHYSICAL DESCRIPTION
Pagination 6 volumes ;
Size 26 cm.
505 0# - FORMATTED CONTENTS NOTE
Formatted contents note Vol. 1. A-C -- v. 2. D-E -- v. 3. F-H -- v. 4. J-K -- v. 5. L-Z --
650 #0 - SUBJECT ADDED ENTRY--TOPICAL TERM
Topical term or geographic name as entry element Folklore
General subdivision Classification.
9 (RLIN) 133025
Topical term or geographic name as entry element Folk literature
General subdivision Themes, motives.
9 (RLIN) 133026
Topical term or geographic name as entry element Folk literature
Form subdivision Bibliography.
9 (RLIN) 133027
942 ## - ADDED ENTRY ELEMENTS (KOHA)
Source of classification or shelving scheme Dewey Decimal Classification
Koha item type Books
Holdings
Lost status Source of classification or shelving scheme Damaged status Not for loan Collection code Permanent Location Current Location Shelving location Date acquired Source of acquisition Cost, normal purchase price Total Checkouts Full call number Date last seen Copy number Koha item type
  Dewey Decimal Classification     Non-fiction Central Library, University of Rajshahi Central Library, University of Rajshahi   01/06/1964 Zeitenger 108.00   025.463982 THM V-1 1955 21/06/2016 C-2 Books
  Dewey Decimal Classification     Non-fiction Central Library, University of Rajshahi Central Library, University of Rajshahi   21/05/1964 Zeitenger 108.00   025.463982 THM V-2 1956 21/06/2016 C-2 Books
  Dewey Decimal Classification     Non-fiction Central Library, University of Rajshahi Central Library, University of Rajshahi   21/05/1964 Zeitenger 108.00   025.463982 THM V-4 1957 21/06/2016 C-2 Books
  Dewey Decimal Classification     Non-fiction Central Library, University of Rajshahi Central Library, University of Rajshahi   21/05/1964 Zeitenger 108.00   025.463982 THM V-5 1957 21/06/2016 C-2 Books